Word Ladder: Depp as Tonto Quiz Stats

Quiz Updated Dec 3, 2017

Challenge
Share
Tweet
Embed
Score 0/34 Timer 03:00
0 Plays Today
Clue 4-Letter Word % Correct
☛ WEST ____ STORY ☚☛ SIDE ☚
99.4%
'Everything but the kitchen ____.'SINK
98.4%
☛ HANDLE ____ CARE ☚☛ WITH ☚
97.6%
'____ To The Future'BACK
97.2%
☛ ____ OR ALIVE ☚☛ DEAD ☚
97.2%
Trigonometry functionSINE
96.6%
Under the weatherSICK
96.2%
Floyd colored?PINK
94.7%
Need for guitar playingPICK
94.5%
Yogi, Smokey, or Po, e.g.BEAR
93.9%
Candle stringWICK
93.9%
Johann Sebastian ____BACH
93.7%
Crow's pecker?BEAK
93.2%
☛ FIELD GOAL ATTEMPT ☚☛ KICK ☚
92.4%
____ Rock CafeHARD
92.1%
____ Abby, John, or Prudence, e.g.DEAR
91.4%
Musical tempoBEAT
90.7%
Clue 4-Letter Word % Correct
Guitar virtuoso Jeff ____BECK
90.6%
Wampum unitBEAD
90%
Bunch of buffaloHERD
88.8%
One of Ray Davies' bandKINK
87.5%
Detect soundHEAR
87.2%
Distorted, like wireBENT
86.1%
South ___, IndianaBEND
85.6%
Genie's boonWISH
85.3%
☛ Indian ___ Nickel ☚☛ HEAD ☚
84.7%
Laundry detergent brandWISK
83.2%
WalkwayPATH
82.5%
Restrain with ropeBIND
81.5%
Explorer's helmet materialPITH
80.9%
☛ EMU, IBIS, OR GREBE ☚☛ BIRD ☚
80.8%
Chaucer's 'The Wife of ____'BATH
80.2%
Ye olde lute strummer?BARD
79%
☛ METAL ____ SOLID ☚☛ GEAR ☚
51.3%

Today's Daily Dose

Missing Word
Law Misconceptions

Word Ladder
Easy Math

On This Day
January 20th

You're not logged in!

Compare scores with friends on all Sporcle quizzes.
Sign Up with Email
OR
Log In

You Might Also Like...

Show Comments

Extras

Top Quizzes Today


Score Distribution

Your Account Isn't Verified!

In order to create a playlist on Sporcle, you need to verify the email address you used during registration. Go to your Sporcle Settings to finish the process.